| 000 | 00654nam a2200169 a 4500 | ||
|---|---|---|---|
| 001 | BRCA_1746 | ||
| 005 | 20190320203530.0 | ||
| 008 | 150508s1991----mx-#---###---#000-0#spa-# | ||
| 050 | 4 |
_aF1391.P8 _b.L43 53 _c1991 |
|
| 100 | 1 |
_aMeade de Angulo, Mercedes _9281 |
|
| 245 | 1 | 0 |
_aReferencias de importancia especial en la historia de Puebla _cselección y prólogo Mercedes Meade de Angulo. |
| 260 |
_aPuebla, México _bGobierno del Estado de Puebla : Secretaría de Cultura : Comisión Puebla V Centenario _c1991 |
||
| 300 |
_a22 p. _c21 cm. |
||
| 440 | 0 |
_aLecturas Históricas de Puebla _n53 _95449 |
|
| 651 | 4 |
_aPuebla (México) _xHistoria _9409 |
|
| 942 |
_2lcc _cB |
||
| 999 |
_c1530 _d1530 |
||